1360 1527 1993 1621 1306 1666 1718 1352 1533 1628 1123 1945 1081 1426 1436 1119 1910 1752 1979 1232 1944 1288 1647 1612 1871 1201 1626 1606 1424 1343 1578 1656 1108 1390 1780 1371 1520 1386 1299 1346 1236 1164 1694 1570 1802 1978 1375 1868 1040 1570 1881 1544 1600 1567 1927 1069 1461 1024 1002 1272 1508 1184 1883 1367 1310 1743 1879 1590 1216 1377 1070 1306 1680 1686 1926 1487 1207 1316 1724 1012 1620 1223 1042 1977 1972 1402 1801 1573 1038 1163 1216 1398 1322 1514 1397 1079 1283 1516 1116 BCNSPRNW ULIB Ver.6.0+V

เปลี่ยนเป็นภาษาไทย

Change to English
 แสดงรายละเอียดบรรณานุกรม
  กลับหน้าหลัก

Brief Record : Get Marc (ISO 2709) : E-mail record : QR code < ปิดหน้าต่าง
LEADER : 00000nam 2200000uu 4500
001    13399110307
003     ULIB
008    110428s2545||||th 000 0 tha d
020    9747150476
060 04 WM203^bด437 2545
100 0  ดุสิต ลิขนะพิชิตกุล
245 10 พัฒนาการบำบัดสำหรับเด็กออทิสติก ตามแนวทางป้าหมอเพ็ญ /^cดุสิต ลิขนะพิชิตกุล
260    นนทบุรี :^bรักลูก,^c2545
300    [97] หน้า
440  0 ชุดจิตวิทยาและการเลี้ยงดูเด็ก โครงการหนังสือเล่ม ;^vอันดับที่143
504    บรรณานุกรม: หน้า [97]
650  2 Autism, Infantile
650  2 Autistic disorder
650  2 Occupational therapy^xIn infancy & childhood
945    ^p95^l0^i015534
945    ^p95^l0^i015533
945    ^p95^l0^i015532
995    ทศพร
999 ^a ใช้งานได้ทุกระบบ
รายการนี้ยังไม่มีแท็ก
คุณยังไม่ได้ล็อกอิน คุณสามารถมีกิจกรรมร่วมกับเว็บไซต์ได้ แต่ต้องล็อกอินก่อน ::
  ล็อกอิน

รายการสื่อสารสนเทศ

ลำดับที่ ประเภท เลขเรียก/บาร์โค้ด สถานที่ สถานะ
- ไม่พบข้อมูล -

รายการใกล้เคียง
    หัวเรื่อง [Autism, Infantile]
    หัวเรื่อง [Autistic disorder]

BibComment


ยังไม่เคยถูกคอมเมนท์

คอมเมนท์ทรัพยากรรายการนี้
  คอมเมนท์: พัฒนาการบำบัดสำหร..


 Copyright 2026. Bcnsprnw @Library